Špecifiká ženského alkoholizmu

Bibliographic Details
Main Authors: Bonár, B. (Author), Pálová, E. (Author), Kubašovská, K. (Author), Hájková, B. (Author)
Corporate Author: Slovenský psychiatrický zjazd (Author)
Format: Conference Proceeding Article
Language:Slovak
Subjects:

MARC

LEADER 00000nab a2200000 a 4500
001 vtls001494796
003 SK-MaSNL
005 20260304141116.0
008 250505c2004 xo 0 slo
015 |a SNBCL2005/2 
035 |a (uuid)c19b3f98-0dae-42a4-8fec-68db8f2a32ad 
035 |a urn:nbn:sk:snk-abu4t 
035 |a (urnnbn)urn:nbn:sk:snk:ar-a05n4e 
040 |a SNKBUCL  |b slo  |c SNKBUCL  |e AACR2 
041 0 |a slo 
044 |a xo  |c SK 
080 |a 613.81:616-055.2(437.6):061.3  |2 1981 
245 0 0 |a Špecifiká ženského alkoholizmu  |c B. Bonár ... [et al.] 
650 0 7 |a alkoholizmus  |2 MESH  |9 14184 
650 0 7 |a poruchy osobnosti  |x etiológia  |2 MESH  |9 1288616 
650 0 7 |a ženy  |2 MESH  |9 4865 
650 0 7 |a komorbidita  |2 MESH  |9 19088 
651 7 |a Slovensko  |2 SNKBUCL 
651 7 |a Slovensko  |2 MESH 
700 1 |a Bonár, B.  |4 aut  |9 1458471 
700 1 |a Pálová, E.  |4 aut  |9 792952 
700 1 |a Kubašovská, K.  |4 aut  |9 1129851 
700 1 |a Hájková, B.  |4 aut  |9 955521 
711 1 |a Slovenský psychiatrický zjazd  |n (6. :  |d 2004 :  |c Spišská Nová Ves, Slovensko)  |4 aut  |9 89910 
773 0 |t Psychiatria pre prax  |g pr. k č. 2/2004, supl. S1 (2004), s. S20  |x 1335-9584 
850 |a Slovenská národná knižnica 
852 |a Slovenská národná knižnica 
954 |a odborná, vedecká literatúra pôvodná (slovenská)  |2 lita 
958 |a article27 
958 |a OND 
958 |a EUIPO 
999 |c 2917607  |d 2919537